Mens NCAA March Madness Bracket 2025 - Round of 64 - Statistics

General Stats
  • This quiz has been taken 27 times
  • The average score is 44 of 64
Answer Stats
Hint Answer % Correct
1 Duke
100%
1 Florida
100%
2 Alabama
95%
1 Auburn
95%
1 Houston
95%
8 Louisville
95%
5 Michigan
95%
2 Michigan St
95%
5 Clemson
90%
4 Purdue
90%
2 St John's
90%
8 UConn
90%
9 Creighton
85%
3 Kentucky
85%
12 McNeese
85%
10 New Mexico
85%
5 Oregon
85%
2 Tennessee
85%
4 Arizona
80%
8 Gonzaga
80%
7 Kansas
80%
7 UCLA
80%
10 Arkansas
75%
9 Baylor
75%
12 Colorado St
75%
3 Iowa St
75%
8 Mississippi St
75%
11 North Carolina
75%
9 Oklahoma
75%
6 Ole Miss
75%
7 Saint Mary's
75%
13 Yale
75%
6 BYU
70%
6 Illinois
70%
4 Maryland
70%
3 Texas Tech
70%
3 Wisconsin
70%
11 Xavier
70%
6 Missouri
65%
11 VCU
65%
11 Drake
60%
9 Georgia
60%
7 Marquette
60%
5 Memphis
60%
14 Montana
60%
12 UC San Diego
60%
10 Vanderbilt
60%
16 Alabama St
55%
13 High Point
55%
16 Norfolk St
55%
4 Texas A&M
55%
10 Utah St
55%
13 Grand Canyon
50%
15 Omaha
50%
15 Wofford
45%
13 Akron
40%
12 Liberty
40%
15 Robert Morris
40%
14 Troy
40%
15 Bryant
35%
14 Lipscomb
35%
16 Mount St Mary's
30%
16 SIU Edwardsville
25%
14 UNC Wilmington
25%
No matching quizzes found
Score Distribution
Percent of People with Each Score
Percentile by Number Answered
Your Score History
You have not taken this quiz